000 01187nam a2200301 a 4500
001 BRCA_3262
005 20190320204207.0
008 120309s1825----enka---###---#000-0#eng-#
041 _aeng
044 _aenk
084 _a563
_b.E93
_c1825
100 1 _aCervantes Saavedra, Miguel de
_d1547-1616
_9213
245 1 0 _aThe Life and Exploits of Don Quixote de la Mancha
_cTranslated from the Spanish of Miguel de Cervantes Saavedra by Charles Jarvis.
260 _aLondres
_bW. Evans and Co.
_c1825
300 _a1 v. en 2 tomos
_bil.
_c18 cm.
500 _aEjemplar igual al anterior [562]. Tela; lomos y planos decorados con asuntos quijotiles dorados Lúdovik Osterc
500 _aEstado físico : Primeras hojas desprendidas
500 _aQM1340
546 _aTexto en : inglés
650 1 4 _aNovela española
_yÉpoca clásica, 1500-1700
_9215
650 1 4 _aLiteratura española
_yÉpoca clásica, 1500-1700
_9216
650 1 4 _aNovela española
_ySiglo XVII
_9217
650 1 4 _aDon Quijote (Personaje ficticio)
_eNovela
_9218
700 1 _aJarvis, Charles
_d?-1739
_eTraductor
_98675
740 0 _aEl Ingenioso Hidalgo Don Quijote de la Mancha
902 _aQFM
942 _2lcc
_cB
999 _c2998
_d2998